000 01266nam a2200217Ia 4500
999 _c38147
_d38147
001 4137
003 GE_BSU
005 20190926174324.0
008 181216s1969||||ge |||||||||||||| ||geo||
040 _cGE_BSU
041 _ageo
080 _a398(479.223)+821.353.1–1 ა–97
245 _aაჭარის ხალხური პოეზია :
_bკრებული. ნაწ. I. /
_cშეადგინეს, შენიშვნების, საძიებლები, სიტყვების ახსნა დაურთეს და გამოსაცემად მოამზადეს ა. ახვლედიანმა, ე. ზოიძემ, ზ. თანდილავამ და სხვ. ; ა. ინაიშვილის რედ. და შეს. წერილით
264 _aთბ.:
_bმეცნიერება,
_c1969.
300 _a157 გვ. ;
_b21 სმ.
653 _aხალხური პოეზია
700 _aზოიძე, ე.
_eშემდგენელი
_93980
700 _a თანდილავა, ზ.
_eშემდგენელი
_94341
700 _aინაიშვილი, ა.
_eრედაქტორი
_94129
942 _cBK
_2udc